000
00309 a2200145 4500
001
152747
040
_c
Escola São Tomás de Aquino
100
_a
QUEIRÓS, Bartolomeu Campos
240
1
0
_a
Raul e luar
_l
por
245
1
0
_a
Raul e luar
362
0
_a
2007
440
1
_a
RHJ
697
_a
Poesia
942
_c
BK
999
_c
152747
_d
152747